Die Einbildungskraft (Record no. 37322)
[ view plain ]
| 000 -LEADER | |
|---|---|
| fixed length control field | 00452cam a22001697 4500 |
| 001 - CONTROL NUMBER | |
| control field | ltf90003471 |
| 003 - CONTROL NUMBER IDENTIFIER | |
| control field | DLC |
| 005 - DATE AND TIME OF LATEST TRANSACTION | |
| control field | 20260227111550.0 |
| 008 - FIXED-LENGTH DATA ELEMENTS--GENERAL INFORMATION | |
| fixed length control field | 901114s1949 sz 000 0 ger |
| 010 ## - LIBRARY OF CONGRESS CONTROL NUMBER | |
| LC control number | ltf90003471 |
| 040 ## - CATALOGING SOURCE | |
| Original cataloging agency | DLC |
| Transcribing agency | DLC |
| Modifying agency | DLC |
| 050 00 - LIBRARY OF CONGRESS CALL NUMBER | |
| Classification number | 4B 700 |
| 100 1# - MAIN ENTRY--PERSONAL NAME | |
| Personal name | Wieser, Theodor, |
| Dates associated with a name | 1923- |
| 245 14 - TITLE STATEMENT | |
| Title | Die Einbildungskraft |
| Statement of responsibility, etc. | bei Rudolf Kassner; Studie mit Abriss von Leben und Werk. |
| 260 ## - PUBLICATION, DISTRIBUTION, ETC. | |
| Place of publication, distribution, etc. | Lausanne, |
| Date of publication, distribution, etc. | 1949. |
| 300 ## - PHYSICAL DESCRIPTION | |
| Extent | 116 p. |
No items available.